|
|
|
|
| LEADER |
00742nab a2200217 i 4500 |
| 001 |
acta8395 |
| 005 |
20251013133354.0 |
| 008 |
161015s1994 hu o 000 hun d |
| 022 |
|
|
|a 1785-7821
|
| 040 |
|
|
|a SZTE Egyetemi Kiadványok Repozitórium
|b hun
|
| 041 |
|
|
|a hun
|
| 245 |
0 |
0 |
|a Néhány, a University of Sussex-en 1993/94-ben meghirdetett kurzus tematikája
|h [elektronikus dokumentum]
|
| 260 |
|
|
|c 1994
|
| 300 |
|
|
|a 47-48
|
| 490 |
0 |
|
|a Különbség
|v 2 No. 1
|
| 650 |
|
4 |
|a Társadalomtudományok
|
| 650 |
|
4 |
|a Oktatástudomány
|
| 650 |
|
4 |
|a Bölcsészettudományok
|
| 650 |
|
4 |
|a Filozófia, etika és vallástudományok
|
| 695 |
|
|
|a Filozófia
|
| 856 |
4 |
0 |
|u http://acta.bibl.u-szeged.hu/8395/1/kulonbseg_1994_001_047-048.pdf
|z Dokumentum-elérés
|